| 000 | 00785nam a22002537i 4500 | ||
|---|---|---|---|
| 003 | EG-ScBUE | ||
| 005 | 20220825144403.0 | ||
| 008 | 200219t2022 mv f 000 0 eng d | ||
| 020 | _a9786204985732 | ||
| 040 |
_aEG-ScBUE _beng _erda _cEG-ScBUE _dEG-ScBUE |
||
| 082 | 0 | 4 |
_a810.9 _bSOL _222 |
| 100 | 1 |
_aSoliman, Nagwa, _eauthor. |
|
| 245 | 1 | 0 |
_aReflections on American literature 1600-1910 / _cNagwa Soliman. |
| 264 | 1 |
_aMoldova : _bLap Lambert Academic Publishing, _c[2022] |
|
| 264 | 4 | _cc2022 | |
| 300 |
_a49 pages ; _c24 cm |
||
| 336 |
_2rdacontent _atext _btxt |
||
| 337 |
_2rdamedia _aunmediated _bn |
||
| 338 |
_2rdacarrier _avolume _bnc |
||
| 650 | 7 |
_aAmerican literature _xHistory. _2BUEsh |
|
| 653 |
_bHHUUEENN _cAugust2022 |
||
| 655 |
_vReading book _934232 |
||
| 942 |
_2ddc _cBB |
||
| 999 |
_c29919 _d29890 |
||